Catalog

Record Details

Catalog Search



Available copies

  • 1 of 1 copy available at LARL/NWRL Consortium.

Current holds

0 current holds with 1 total copy.

Show Only Available Copies
Location Call Number / Copy Notes Barcode Shelving Location Status Due Date
Thief River Falls Public Library SHA (Text) 35500005650302 Main Available -

Record details

  • Physical Description: 211 p. : port. ; 22 cm.
  • Publisher: Carmel, N.Y. : Guideposts, c2006.
Subject: Bed and breakfast accommodations > Fiction.
Pennsylvania > Fiction.
Genre: Christian fiction.
LDR 00876cam a2200253 a 4500
001182896
003LARL_NWRL_CONSORTIUM
00520060907153204.0
008060823s2006 nyuc 000 0 eng
010 . ‡a2006280911
040 . ‡aDLC ‡cDLC ‡dDLC
049 . ‡aNRG
05000. ‡aPS3619.H35647 ‡bG65 2006
08200. ‡a813/.6 ‡222
1001 . ‡aSharp, Jolyn.
24510. ‡aGoing, going, gone? ‡n#25 / ‡cJolyn & William Sharp.
260 . ‡aCarmel, N.Y. : ‡bGuideposts, ‡cc2006.
300 . ‡a211 p. : ‡bport. ; ‡c22 cm.
4900 . ‡aTales from Grace Chapel Inn ; ‡v25
650 0. ‡aBed and breakfast accommodations ‡vFiction. ‡0(LARL_NWRL_CONSORTIUM)163677
651 0. ‡aPennsylvania ‡vFiction. ‡0(LARL_NWRL_CONSORTIUM)166710
655 7. ‡aChristian fiction. ‡2gsafd
7001 . ‡aSharp, William. ‡0(LARL_NWRL_CONSORTIUM)79572
901 . ‡a182896 ‡bLCCN ‡c182896 ‡tbiblio

Additional Resources